书目信息 |
| 题名: |
传播法
|
|
| 作者: | 泽勒尼 著 | |
| 分册: | ||
| 出版信息: | 北京 清华大学出版社 2004.01 |
|
| 页数: | 544页 | |
| 开本: | 24cm | |
| 丛书名: | ||
| 单 册: | ||
| 中图分类: | D971.221 | |
| 科图分类: | ||
| 主题词: | 法律 | |
| 电子资源: | ||
| ISBN: | 7-302-07240-X | |
| 000 | 00611nam0 2200205 45 | |
| 001 | 0432113755 | |
| 005 | 2004042608551339 | |
| 010 | @a7-302-07240-X@dCNY 62.00 | |
| 100 | @a20040426d2004 km y0chiy0120 ea | |
| 101 | 0 | @achi |
| 102 | @aCN@b110000 | |
| 200 | 1 | @a传播法@AChuan Bo Fa@e自由、禁止与现代传媒@f(美)泽勒尼著@F(Mei)Ze Le Ni Zhu |
| 210 | @a北京@c清华大学出版社@d2004.01 | |
| 215 | @a544页@d24cm | |
| 517 | @a自由、禁止与现代传媒@AZi You、Jin Zhi Yu Xian Dai Chuan Mei | |
| 606 | 0 | @a法律 |
| 690 | @aD971.221@v3 | |
| 701 | 0 | @a泽勒尼@AZe Le Ni@4著 |
| 801 | 0 | @aCN@bPFT@c20040426 |
| 905 | @dD971.221@eZ019 | |
| 传播法:自由、禁止与现代传媒/(美)泽勒尼著.-北京:清华大学出版社,2004.01 |
| 544页;24cm |
| ISBN 7-302-07240-X:CNY 62.00 |
| ● |
| 相关链接 |
|
|
|
正题名:传播法
索取号:D971.221/Z019
 
预约/预借
| 序号 | 登录号 | 条形码 | 馆藏地/架位号 | 状态 | 备注 |
| 1 | 381282 | 203812829 | 社科库509/509社科库 108排2列2层/ [索取号:D971.221/Z019] | 在馆 | |
| 2 | 381283 | 203812838 | 社科库509/509社科库 108排2列2层/ [索取号:D971.221/Z019] | 在馆 |